[Event "Scarborough CC Howard Ridout Swiss U1700"]
[Site "Toronto CAN"]
[Date "2009.10.08"]
[Round "5"]
[White "Lin, Tony (Juntao)"]
[Black "Huston, Scott"]
[Result "1/2-1/2"]
[WhiteElo "1565"]
[BlackElo "1475"]
[PlyCount "60"]
[GameId "2160767910092807"]
[EventDate "2009.09.10"]
[EventType "swiss"]
[EventRounds "8"]
[EventCountry "CAN"]

1. e4 c5 2. Nf3 Nc6 3. Bb5 g6 4. O-O Bg7 5. c3 Qb6 6. Ba4 e6 7. d3 Nge7 8. Re1 O-O 9. e5 f6 10. exf6 Bxf6 11. Ng5 Bxg5 12. Bxg5 Qxb2 13. Nd2 Qxc3 14. Ne4 Qg7 15. Nxc5 Nf5 16. Rb1 Qd4 17. Nxb7 Rb8 18. Re4 Qg7 19. Nc5 Rxb1 20. Qxb1 Nfd4 21. Bxc6 dxc6 22. f3 Rf5 23. Qc1 e5 24. Qc4+ Qf7 25. Qxf7+ Kxf7 26. Be3 h5 27. Nb3 Be6 28. Nxd4 exd4 29. Rxd4 Ra5 30. Rb4 a6 1/2-1/2

[Event "Scarborough CC Howard Ridout Swiss U1700"]
[Site "Toronto CAN"]
[Date "2009.10.15"]
[Round "6"]
[White "Termeer, Ted"]
[Black "Lin, Tony (Juntao)"]
[Result "0-1"]
[WhiteElo "1457"]
[BlackElo "1565"]
[PlyCount "82"]
[GameId "2160767910092809"]
[EventDate "2009.09.10"]
[EventType "swiss"]
[EventRounds "8"]
[EventCountry "CAN"]

1. Nf3 d5 2. d4 Nf6 3. Nc3 e6 4. a3 Nbd7 5. b4 c6 6. h3 Be7 7. Bf4 O-O 8. e3 b6 9. Ne5 Nxe5 10. Bxe5 Bb7 11. Bd3 Bd6 12. Bxd6 Qxd6 13. O-O e5 14. f3 exd4 15. exd4 Rfe8 16. Qd2 h6 17. Rae1 Nh5 18. Rxe8+ Rxe8 19. Re1 Rxe1+ 20. Qxe1 Qe6 21. Qxe6 fxe6 22. Ne2 g5 23. c3 Kf7 24. Kf2 Kf6 25. a4 e5 26. dxe5+ Kxe5 27. Bg6 Nf4 28. Nxf4 gxf4 29. Ke2 Ba6+ 30. Bd3 Bxd3+ 31. Kxd3 c5 32. b5 c4+ 33. Kc2 d4 34. cxd4+ Kxd4 35. h4 h5 36. Kd2 c3+ 37. Kc2 Kc4 38. Kc1 Kd3 39. Kd1 c2+ 40. Kc1 Kc3 41. g3 fxg3 0-1

[Event "Scarborough CC Howard Ridout Swiss U1700"]
[Site "Toronto CAN"]
[Date "2009.10.22"]
[Round "7"]
[White "Yusuf, Magas"]
[Black "Lin, Tony (Juntao)"]
[Result "0-1"]
[WhiteElo "1462"]
[BlackElo "1565"]
[PlyCount "120"]
[GameId "2160767910092811"]
[EventDate "2009.09.10"]
[EventType "swiss"]
[EventRounds "8"]
[EventCountry "CAN"]

1. e4 c5 2. Nf3 e6 3. d4 cxd4 4. Nxd4 Nc6 5. Nc3 a6 6. Be3 Nf6 7. e5 Nxe5 8. a3 Be7 9. g3 O-O 10. Nf3 Nxf3+ 11. Qxf3 d5 12. Bd4 Nd7 13. Qe3 Bf6 14. f4 Bxd4 15. Qxd4 Qf6 16. Qxf6 Nxf6 17. Bg2 Ng4 18. Rc1 Bd7 19. Bf3 Ne3 20. Be2 Rac8 21. Kd2 Nc4+ 22. Bxc4 dxc4 23. Ke3 Bc6 24. Rhd1 Rfd8 25. Ne4 Bxe4 26. Kxe4 Kf8 27. Ke3 Ke7 28. g4 f5 29. g5 h6 30. h4 hxg5 31. hxg5 Rd5 32. Rxd5 exd5 33. Kd4 Rd8 34. Re1+ Kf7 35. Re5 Kg6 36. Rxd5 Rxd5+ 37. Kxd5 Kh5 38. Ke6 Kg4 39. Kf7 Kxf4 40. g6 Ke3 41. Kxg7 f4 42. Kh6 f3 43. g7 f2 44. g8=Q f1=Q 45. Qe6+ Kd2 46. Qd5+ Kxc2 47. Qe4+ Kxb2 48. Qxb7+ Kc1 49. Qxa6 Qf4+ 50. Kh5 c3 51. a4 c2 52. Qb5 Qf3+ 53. Kh4 Qc3 54. Qf1+ Kb2 55. Qb5+ Qb3 56. Qe2 Qxa4+ 57. Kg3 Qb3+ 58. Kf2 Qf7+ 59. Kg1 Qg6+ 60. Kh1 Qh6+ 0-1

[Event "Scarborough CC Howard Ridout Swiss U1700"]
[Site "Toronto CAN"]
[Date "2009.10.29"]
[Round "8"]
[White "Lin, Tony (Juntao)"]
[Black "Mahoney, Ian"]
[Result "1-0"]
[WhiteElo "1565"]
[BlackElo "1516"]
[PlyCount "83"]
[GameId "2160767910092813"]
[EventDate "2009.09.10"]
[EventType "swiss"]
[EventRounds "8"]
[EventCountry "CAN"]

1. e4 e6 2. d4 d5 3. exd5 exd5 4. Nf3 Nc6 5. Bb5 a6 6. Ba4 Nf6 7. O-O Be7 8. Re1 O-O 9. Bxc6 bxc6 10. Ne5 Bb7 11. c3 Nd7 12. Bf4 Nxe5 13. Bxe5 f6 14. Bg3 c5 15. Nd2 cxd4 16. cxd4 c5 17. Nf3 Re8 18. Rc1 Qb6 19. dxc5 Bxc5 20. Qc2 Rxe1+ 21. Rxe1 d4 22. Qc4+ Kh8 23. Qf7 Rf8 24. Re8 h6 25. Rxf8+ Bxf8 26. Qxf8+ Kh7 27. Qa3 Be4 28. Qb3 Qc6 29. Qd1 d3 30. Bf4 Qd5 31. b3 a5 32. Ne1 a4 33. bxa4 Qxa2 34. Nxd3 Qd5 35. Nb2 Bxg2 36. Qxd5 Bxd5 37. a5 Bb7 38. Nd3 g5 39. Nc5 Bc8 40. Bc7 Kg6 41. a6 Bf5 42. a7 1-0

[Event "Scarborough CC Jack Frost"]
[Site "Toronto CAN"]
[Date "2009.01.08"]
[Round "1"]
[White "Beal, Greg"]
[Black "Sellars, Karl"]
[Result "0-1"]
[WhiteElo "1822"]
[BlackElo "2196"]
[PlyCount "58"]
[GameId "2160767910273426"]
[EventDate "2009.01.08"]
[EventType "swiss"]
[EventRounds "7"]
[EventCountry "CAN"]
[SourceTitle "EXT 2011"]
[Source "ChessBase"]
[SourceDate "2011.11.26"]
[SourceVersion "1"]
[SourceVersionDate "2011.11.26"]
[SourceQuality "1"]

1. e4 e5 2. Nf3 Nc6 3. Bb5 a6 4. Ba4 Nf6 5. O-O b5 6. Bb3 Bb7 7. c3 Nxe4 8. d4 exd4 9. cxd4 d5 10. Nc3 Nxc3 11. bxc3 Be7 12. Re1 O-O 13. Qd3 Re8 14. Bc2 g6 15. Bh6 Bd6 16. Qd2 f6 17. Bf4 Qd7 18. h4 Na5 19. Bxd6 Nc4 20. Qh6 Nxd6 21. Qf4 Qf7 22. Nd2 Rad8 23. Kf1 Bc8 24. a4 Bd7 25. Bb3 bxa4 26. Bxa4 Rxe1+ 27. Kxe1 Bxa4 28. Kf1 Bb5+ 29. Kg1 Re8 0-1

[Event "Scarborough CC Jack Frost"]
[Site "Toronto CAN"]
[Date "2009.01.08"]
[Round "1"]
[White "Bossy, John"]
[Black "Brammall, Stuart"]
[Result "1-0"]
[WhiteElo "1925"]
[BlackElo "1686"]
[PlyCount "61"]
[GameId "2160767910273427"]
[EventDate "2009.01.08"]
[EventType "swiss"]
[EventRounds "7"]
[EventCountry "CAN"]
[SourceTitle "EXT 2011"]
[Source "ChessBase"]
[SourceDate "2011.11.26"]
[SourceVersion "1"]
[SourceVersionDate "2011.11.26"]
[SourceQuality "1"]

1. d4 f5 2. Nc3 d5 3. Bf4 Nf6 4. e3 e6 5. Nf3 Be7 6. Bd3 O-O 7. O-O Bd7 8. Ne2 Be8 9. c4 c6 10. Qb3 Qc8 11. Rac1 Bh5 12. Ne5 Bxe2 13. Bxe2 Nbd7 14. Rfd1 Rb8 15. Nxd7 Qxd7 16. Bxb8 Rxb8 17. cxd5 exd5 18. Qa4 Bd6 19. b4 Qe7 20. b5 Ne4 21. g3 g5 22. bxc6 f4 23. cxb7 Nxf2 24. Rc8+ Kg7 25. Kxf2 Qxe3+ 26. Kf1 Rxb7 27. Qe8 Re7 28. Qh8+ Kf7 29. Qg8+ Kf6 30. Rf8+ Rf7 31. Qxf7# 1-0

[Event "Scarborough CC Jack Frost"]
[Site "Toronto CAN"]
[Date "2009.01.08"]
[Round "1"]
[White "Ferreira, Alex"]
[Black "Kurkowski, Ken"]
[Result "1-0"]
[WhiteElo "2017"]
[BlackElo "1695"]
[PlyCount "49"]
[GameId "2160767910273428"]
[EventDate "2009.01.08"]
[EventType "swiss"]
[EventRounds "7"]
[EventCountry "CAN"]
[SourceTitle "EXT 2011"]
[Source "ChessBase"]
[SourceDate "2011.11.26"]
[SourceVersion "1"]
[SourceVersionDate "2011.11.26"]
[SourceQuality "1"]

1. e4 c5 2. Nf3 Nc6 3. d4 cxd4 4. Nxd4 Nf6 5. Nc3 e6 6. Ndb5 Bb4 7. Nd6+ Bxd6 8. Qxd6 Qe7 9. Qxe7+ Nxe7 10. Bg5 d6 11. O-O-O Ng4 12. Bh4 Ng6 13. Bg3 d5 14. exd5 exd5 15. Bb5+ Bd7 16. Rhe1+ Kd8 17. Bxd7 Kxd7 18. Nxd5 Kc6 19. h3 Nh6 20. Re3 Rad8 21. Rc3+ Kb5 22. a4+ Kxa4 23. Rd4+ Kb5 24. Rb4+ Ka5 25. Ra3# 1-0

[Event "Scarborough CC Jack Frost"]
[Site "Toronto CAN"]
[Date "2009.01.08"]
[Round "1"]
[White "Gillis, Doug"]
[Black "Rapoport, Alexander"]
[Result "0-1"]
[WhiteElo "1677"]
[BlackElo "1899"]
[PlyCount "91"]
[GameId "2160767910273429"]
[EventDate "2009.01.08"]
[EventType "swiss"]
[EventRounds "7"]
[EventCountry "CAN"]

1. e4 c5 2. Nf3 e6 3. d4 cxd4 4. Nxd4 a6 5. Nc3 Qc7 6. g3 Nc6 7. Bg2 g6 8. O-O Bg7 9. Be3 Nf6 10. Qd2 Ng4 11. Nxc6 Nxe3 12. Qxe3 bxc6 13. Rfe1 d6 14. Rad1 O-O 15. Na4 Rb8 16. b3 Bd7 17. c4 c5 18. Nc3 Bd4 19. Qd2 e5 20. Nd5 Qd8 21. h3 Be6 22. Kh2 Bxd5 23. exd5 a5 24. f4 f6 25. fxe5 fxe5 26. Rf1 a4 27. Qh6 axb3 28. Be4 Rf6 29. axb3 Rxb3 30. Rb1 Rxb1 31. Rxb1 Qf8 32. Qxf8+ Kxf8 33. Rb7 Rf2+ 34. Kh1 Re2 35. Bd3 Re1+ 36. Kg2 e4 37. Bxe4 Rxe4 38. Rxh7 Bg7 39. Rh4 Rxh4 40. gxh4 Ke7 41. Kf3 Kf6 42. Kf4 Bh6+ 43. Ke4 Bc1 44. Kd3 Ke5 45. Kc2 Bf4 46. Kd3 0-1

[Event "Scarborough CC Jack Frost"]
[Site "Toronto CAN"]
[Date "2009.01.08"]
[Round "1"]
[White "Mesiti, Silvano"]
[Black "Wu, Aaron"]
[Result "0-1"]
[WhiteElo "1690"]
[BlackElo "1995"]
[PlyCount "72"]
[GameId "2160767910273430"]
[EventDate "2009.01.08"]
[EventType "swiss"]
[EventRounds "7"]
[EventCountry "CAN"]
[SourceTitle "EXT 2011"]
[Source "ChessBase"]
[SourceDate "2011.11.26"]
[SourceVersion "1"]
[SourceVersionDate "2011.11.26"]
[SourceQuality "1"]

1. e4 c5 2. Nf3 Nc6 3. Nc3 g6 4. Bc4 Bg7 5. O-O e6 6. Nb5 d6 7. Nc3 a6 8. a4 Nge7 9. d3 O-O 10. Bg5 h6 11. Bd2 Rb8 12. Qc1 Kh7 13. Re1 Na5 14. Ba2 b5 15. axb5 axb5 16. Ne2 b4 17. Ng3 Bd7 18. e5 d5 19. d4 cxd4 20. Nxd4 Nec6 21. Nxc6 Nxc6 22. f4 Qc7 23. c3 b3 24. Bb1 Na5 25. Bd3 Bb5 26. Bxb5 Rxb5 27. Nf1 Rc8 28. Qd1 Nc4 29. Bc1 Bf8 30. Qe2 Ra5 31. Be3 Rca8 32. Rab1 Ra2 33. Bc1 Na3 34. bxa3 Rxe2 35. Rxe2 Qxc3 36. Re3 Bc5 0-1

[Event "Scarborough CC Jack Frost"]
[Site "Toronto CAN"]
[Date "2009.01.08"]
[Round "1"]
[White "Morra, Lui"]
[Black "Corvo, Paul"]
[Result "0-1"]
[WhiteElo "1622"]
[BlackElo "1784"]
[PlyCount "54"]
[GameId "2160767910273431"]
[EventDate "2009.01.08"]
[EventType "swiss"]
[EventRounds "7"]
[EventCountry "CAN"]
[SourceTitle "EXT 2011"]
[Source "ChessBase"]
[SourceDate "2011.11.26"]
[SourceVersion "1"]
[SourceVersionDate "2011.11.26"]
[SourceQuality "1"]

1. e4 e6 2. d4 d5 3. Nd2 c5 4. c3 cxd4 5. cxd4 dxe4 6. Nxe4 Nf6 7. Bd3 Nxe4 8. Bxe4 Bb4+ 9. Kf1 O-O 10. Qd3 f5 11. Bf3 Qb6 12. Bf4 Rd8 13. Rc1 Bd7 14. Be2 Bc6 15. Qg3 Qxd4 16. Be5 Qd7 17. Rd1 Qxd1+ 18. Bxd1 Bb5+ 19. Qd3 Rxd3 20. g4 Rxd1+ 21. Kg2 Bc6+ 22. Nf3 Rxh1 23. a3 Re1 24. Kg3 Bxf3 25. Kxf3 Rxe5 26. axb4 fxg4+ 27. Kxg4 Nc6 0-1

[Event "Scarborough CC Jack Frost"]
[Site "Toronto CAN"]
[Date "2009.01.08"]
[Round "1"]
[White "Villalobos, Oscar"]
[Black "Rutherdale, William"]
[Result "1-0"]
[WhiteElo "2056"]
[BlackElo "1752"]
[PlyCount "59"]
[GameId "2160767910273432"]
[EventDate "2009.01.08"]
[EventType "swiss"]
[EventRounds "7"]
[EventCountry "CAN"]
[SourceTitle "EXT 2011"]
[Source "ChessBase"]
[SourceDate "2011.11.26"]
[SourceVersion "1"]
[SourceVersionDate "2011.11.26"]
[SourceQuality "1"]

1. g3 c5 2. Bg2 Nf6 3. e4 d6 4. Nc3 g6 5. d3 Bg7 6. Nf3 Nc6 7. Be3 Bg4 8. Qd2 a6 9. Bh6 Bxh6 10. Qxh6 Qb6 11. O-O O-O-O 12. Rfb1 Nb4 13. Ne1 Bd7 14. a3 Ng4 15. Qf4 Nc6 16. b4 c4 17. Nd5 Qd4 18. c3 Qe5 19. Qd2 Qh5 20. h3 Nge5 21. b5 axb5 22. Rxb5 Bxh3 23. Rab1 Bxg2 24. Kxg2 Qg4 25. Rxb7 Rde8 26. Qb2 cxd3 27. Rc7+ Kd8 28. Qb8+ Nxb8 29. Rxb8+ Qc8 30. Rbxc8# 1-0

[Event "Scarborough CC Jack Frost"]
[Site "Toronto CAN"]
[Date "2009.01.08"]
[Round "1"]
[White "Yuan, Yuanling"]
[Black "Arfin, Sam"]
[Result "1-0"]
[WhiteElo "2256"]
[BlackElo "1893"]
[PlyCount "85"]
[GameId "2160767910273433"]
[EventDate "2009.01.08"]
[EventType "swiss"]
[EventRounds "7"]
[EventCountry "CAN"]
[SourceTitle "EXT 2011"]
[Source "ChessBase"]
[SourceDate "2011.11.26"]
[SourceVersion "1"]
[SourceVersionDate "2011.11.26"]
[SourceQuality "1"]

1. e4 c5 2. Nf3 g6 3. d4 cxd4 4. Nxd4 Nc6 5. c4 Nf6 6. Nc3 d6 7. Be2 Nxd4 8. Qxd4 Bg7 9. Be3 O-O 10. Qd2 Be6 11. O-O Qa5 12. Rac1 Rfc8 13. b3 a6 14. a4 Qd8 15. Rfd1 Nd7 16. f3 a5 17. Nb5 Nc5 18. Qc2 Rc6 19. Nd4 Rcc8 20. f4 Bd7 21. Bf3 Qb6 22. Rb1 Bh6 23. Qf2 Bc6 24. Qh4 Bf8 25. f5 Nd7 26. fxg6 hxg6 27. Nf5 Qd8 28. Nh6+ Bxh6 29. Qxh6 Qf8 30. Qh4 Ne5 31. Be2 Bd7 32. Rbc1 Be6 33. Rc3 f6 34. Bd4 Nc6 35. Rg3 Qg7 36. Bc3 g5 37. Qh5 Ne5 38. Bxe5 dxe5 39. h4 Qh7 40. hxg5 Qxh5 41. Bxh5 fxg5 42. Rxg5+ Kh7 43. Rxe5 1-0

[Event "Scarborough CC Jack Frost"]
[Site "Toronto CAN"]
[Date "2009.01.15"]
[Round "2"]
[White "Arfin, Sam"]
[Black "Mesiti, Silvano"]
[Result "1-0"]
[WhiteElo "1893"]
[BlackElo "1690"]
[PlyCount "89"]
[GameId "2160767910273434"]
[EventDate "2009.01.08"]
[EventType "swiss"]
[EventRounds "7"]
[EventCountry "CAN"]
[SourceTitle "EXT 2011"]
[Source "ChessBase"]
[SourceDate "2011.11.26"]
[SourceVersion "1"]
[SourceVersionDate "2011.11.26"]
[SourceQuality "1"]

1. e4 e5 2. Bc4 Nf6 3. d4 d6 4. dxe5 dxe5 5. Bxf7+ Ke7 6. Qxd8+ Kxd8 7. Bg5 h6 8. Bxf6+ gxf6 9. Nc3 c6 10. O-O-O+ Ke7 11. Bb3 Nd7 12. a3 Nc5 13. Ba2 Be6 14. Bxe6 Kxe6 15. Nge2 Be7 16. Ng3 Rhg8 17. Rhg1 Rad8 18. Rxd8 Rxd8 19. b4 Na6 20. Nf5 Bf8 21. Re1 Nc7 22. Re3 Kf7 23. Rh3 Kg6 24. Rd3 Rxd3 25. cxd3 Ne6 26. Kd2 a5 27. Na2 Nf4 28. g3 Ne6 29. Kc3 Kg5 30. f3 Kg6 31. h4 Kh7 32. Kc4 Kg6 33. Nc1 b5+ 34. Kc3 a4 35. d4 exd4+ 36. Nxd4 Nxd4 37. Kxd4 Bd6 38. f4 Kf7 39. Nd3 Be7 40. e5 Ke6 41. h5 Kf5 42. exf6 Kxf6 43. Ne5 Kf5 44. Nxc6 Bf8 45. Ne5 1-0

[Event "Scarborough CC Jack Frost"]
[Site "Toronto CAN"]
[Date "2009.01.15"]
[Round "2"]
[White "Derraugh, Geordie"]
[Black "Maister, Martin"]
[Result "1-0"]
[WhiteElo "2090"]
[BlackElo "1730"]
[PlyCount "91"]
[GameId "2160767910273435"]
[EventDate "2009.01.08"]
[EventType "swiss"]
[EventRounds "7"]
[EventCountry "CAN"]
[SourceTitle "EXT 2011"]
[Source "ChessBase"]
[SourceDate "2011.11.26"]
[SourceVersion "1"]
[SourceVersionDate "2011.11.26"]
[SourceQuality "1"]

1. e4 c5 2. Nf3 d6 3. d4 cxd4 4. Nxd4 Nf6 5. Nc3 a6 6. Be3 e6 7. Be2 b5 8. f3 Be7 9. Qd2 O-O 10. O-O-O Bb7 11. g4 b4 12. Na4 Nc6 13. b3 Nxd4 14. Bxd4 d5 15. Bxf6 Bxf6 16. Qxb4 Qc7 17. exd5 Bxd5 18. Rde1 Rab8 19. Qa3 Rfc8 20. Bd3 Qf4+ 21. Kb1 Qd4 22. Nb2 Rc5 23. Kc1 Bxf3 24. Rhf1 Bxg4 25. Re4 Qxb2+ 26. Qxb2 Bxb2+ 27. Kxb2 Bf5 28. Rd4 Bxd3 29. Rxd3 Rbc8 30. c4 f6 31. Rd6 R5c6 32. Rfd1 R8c7 33. Kc3 Kf7 34. Rxc6 Rxc6 35. b4 Ke7 36. c5 Rc7 37. Kc4 Rd7 38. Rg1 g6 39. Rg2 e5 40. c6 Rd1 41. Kc5 Kd8 42. Kb6 e4 43. Kb7 Rc1 44. Rd2+ Ke7 45. c7 f5 46. Rd5 1-0

[Event "Scarborough CC Jack Frost"]
[Site "Toronto CAN"]
[Date "2009.01.15"]
[Round "2"]
[White "Hall, John2"]
[Black "Ferreira, Alex"]
[Result "1-0"]
[WhiteElo "2208"]
[BlackElo "2017"]
[PlyCount "49"]
[GameId "2160767910273436"]
[EventDate "2009.01.08"]
[EventType "swiss"]
[EventRounds "7"]
[EventCountry "CAN"]
[SourceTitle "EXT 2011"]
[Source "ChessBase"]
[SourceDate "2011.11.26"]
[SourceVersion "1"]
[SourceVersionDate "2011.11.26"]
[SourceQuality "1"]

1. e4 d5 2. exd5 Nf6 3. Bb5+ Bd7 4. Be2 Nxd5 5. d4 g6 6. Nf3 Bg7 7. O-O O-O 8. c4 Nb6 9. h3 Nc6 10. d5 Ne5 11. Nxe5 Bxe5 12. c5 Ba4 13. Qd3 Nd7 14. Qe4 b5 15. c6 f5 16. Qe3 b4 17. cxd7 Bf6 18. Nd2 Bxd7 19. Bc4 Kh8 20. Nf3 c5 21. Qxc5 a5 22. Qe3 Rc8 23. Ba6 Rb8 24. Qe2 Be8 25. Bf4 1-0

[Event "Scarborough CC Jack Frost"]
[Site "Toronto CAN"]
[Date "2009.01.15"]
[Round "2"]
[White "Jizan, Masoud"]
[Black "Conte, Michael"]
[Result "0-1"]
[WhiteElo "1636"]
[BlackElo "1779"]
[PlyCount "80"]
[GameId "2160767910273437"]
[EventDate "2009.01.08"]
[EventType "swiss"]
[EventRounds "7"]
[EventCountry "CAN"]
[SourceTitle "EXT 2011"]
[Source "ChessBase"]
[SourceDate "2011.11.26"]
[SourceVersion "1"]
[SourceVersionDate "2011.11.26"]
[SourceQuality "1"]

1. e4 c6 2. Nf3 d5 3. exd5 cxd5 4. d4 Bg4 5. Bb5+ Nd7 6. h3 Bxf3 7. Qxf3 e6 8. O-O Ngf6 9. Nc3 Be7 10. Qg3 g6 11. Bh6 Qb6 12. Bg7 Nh5 13. Nxd5 exd5 14. Bxd7+ Kxd7 15. Qe5 Nxg7 16. Qxg7 Qf6 17. Qh6 Bd6 18. Qe3 Qf4 19. Qxf4 Bxf4 20. g3 Bg5 21. h4 Bf6 22. c3 Rhe8 23. Rfe1 Rxe1+ 24. Rxe1 Re8 25. Kf1 Rxe1+ 26. Kxe1 b5 27. a3 a5 28. b4 axb4 29. axb4 Ke6 30. Ke2 Kf5 31. Kf3 h5 32. Ke2 Kg4 33. Ke3 Bg7 34. Ke2 Bh6 35. Kd1 Kf3 36. Kc2 Kxf2 37. c4 dxc4 38. d5 Bf8 39. Kc3 Kxg3 40. Kd4 Bxb4 0-1

[Event "Scarborough CC Jack Frost"]
[Site "Toronto CAN"]
[Date "2009.01.15"]
[Round "2"]
[White "Kurkowski, Ken"]
[Black "Beal, Greg"]
[Result "1/2-1/2"]
[WhiteElo "1695"]
[BlackElo "1822"]
[PlyCount "86"]
[GameId "2160767910273438"]
[EventDate "2009.01.08"]
[EventType "swiss"]
[EventRounds "7"]
[EventCountry "CAN"]
[SourceTitle "EXT 2011"]
[Source "ChessBase"]
[SourceDate "2011.11.26"]
[SourceVersion "1"]
[SourceVersionDate "2011.11.26"]
[SourceQuality "1"]

1. d4 d5 2. c4 e6 3. Nc3 Nf6 4. cxd5 exd5 5. Bg5 Be7 6. e3 c6 7. Bd3 Nbd7 8. Nf3 O-O 9. O-O Re8 10. Rb1 Ne4 11. Bxe7 Qxe7 12. Qc2 Nf8 13. b4 a6 14. a4 g6 15. b5 axb5 16. axb5 Nxc3 17. Qxc3 Ra3 18. Qc2 Rxd3 19. Qxd3 Bf5 20. Qc3 Bxb1 21. Rxb1 Rc8 22. bxc6 Rxc6 23. Qb3 Qc7 24. g3 Rc1+ 25. Rxc1 Qxc1+ 26. Kg2 Qc4 27. Qxb7 f6 28. Nd2 Qa2 29. Nb3 g5 30. Qxd5+ Kg7 31. Qb7+ Kh6 32. d5 Ng6 33. d6 Ne5 34. Nc5 g4 35. d7 Qd2 36. Ne4 Qd1 37. Nxf6 Kg6 38. Qd5 Qxd5+ 39. Nxd5 Nxd7 40. e4 Ne5 41. h3 h5 42. h4 Kh6 43. Nf4 Nf3 1/2-1/2

[Event "Scarborough CC Jack Frost"]
[Site "Toronto CAN"]
[Date "2009.01.15"]
[Round "2"]
[White "Manalo, Pepin"]
[Black "Moran-Venegas, Mario"]
[Result "1-0"]
[WhiteElo "1853"]
[BlackElo "1766"]
[PlyCount "89"]
[GameId "2160767910273439"]
[EventDate "2009.01.08"]
[EventType "swiss"]
[EventRounds "7"]
[EventCountry "CAN"]
[SourceTitle "EXT 2011"]
[Source "ChessBase"]
[SourceDate "2011.11.26"]
[SourceVersion "1"]
[SourceVersionDate "2011.11.26"]
[SourceQuality "1"]

1. e4 e5 2. Nc3 Nf6 3. d3 Bc5 4. f4 d6 5. Be2 a6 6. f5 Nc6 7. h4 Nd4 8. g4 Nxe2 9. Qxe2 c6 10. g5 Ng8 11. Be3 Qb6 12. Bxc5 Qxb2 13. Nd1 Qxa1 14. Bxd6 Qd4 15. Ba3 c5 16. Nf3 Qd6 17. Bb2 f6 18. Ne3 b5 19. Rg1 Bb7 20. Nd2 O-O-O 21. gxf6 gxf6 22. h5 Rd7 23. Rg3 Nh6 24. Qg2 Qf8 25. Nb3 Rg8 26. Rxg8 Nxg8 27. Ba3 b4 28. Bc1 Rg7 29. Qf2 Rc7 30. Nc4 Kd7 31. Be3 Qf7 32. h6 Qh5 33. Nxc5+ Kc8 34. Nd6+ Kb8 35. Ndxb7 Rxb7 36. Nxb7 Kxb7 37. Qg1 Qf7 38. Qg7 Qxg7 39. hxg7 Kc6 40. Kd2 a5 41. c3 Kb5 42. d4 bxc3+ 43. Kxc3 h5 44. dxe5 fxe5 45. Bg5 1-0

[Event "Scarborough CC Jack Frost"]
[Site "Toronto CAN"]
[Date "2009.01.15"]
[Round "2"]
[White "Paterson, Jim"]
[Black "Morra, Lui"]
[Result "1-0"]
[WhiteElo "1809"]
[BlackElo "1622"]
[PlyCount "57"]
[GameId "2160767910273440"]
[EventDate "2009.01.08"]
[EventType "swiss"]
[EventRounds "7"]
[EventCountry "CAN"]
[SourceTitle "EXT 2011"]
[Source "ChessBase"]
[SourceDate "2011.11.26"]
[SourceVersion "1"]
[SourceVersionDate "2011.11.26"]
[SourceQuality "1"]

1. d4 Nf6 2. c4 g6 3. Nc3 Bg7 4. e4 d6 5. f3 O-O 6. Be3 c6 7. Qd2 Re8 8. O-O-O a6 9. g4 b5 10. h4 h5 11. gxh5 Nxh5 12. Bh3 b4 13. Nce2 Qa5 14. Kb1 Nd7 15. Bg4 Nhf6 16. Bxd7 Bxd7 17. Nh3 Be6 18. d5 cxd5 19. cxd5 Bc8 20. Nhf4 Nd7 21. h5 Ne5 22. hxg6 fxg6 23. Nd4 Nc4 24. Qh2 Kf7 25. Qh7 Nxe3 26. Qxg6+ Kf8 27. Nfe6+ Bxe6 28. Nxe6+ Kg8 29. Qxg7# 1-0

[Event "Scarborough CC Jack Frost"]
[Site "Toronto CAN"]
[Date "2009.01.15"]
[Round "2"]
[White "Rapoport, Alexander"]
[Black "Yuan, Yuanling"]
[Result "0-1"]
[WhiteElo "1899"]
[BlackElo "2256"]
[PlyCount "62"]
[GameId "2160767910273441"]
[EventDate "2009.01.08"]
[EventType "swiss"]
[EventRounds "7"]
[EventCountry "CAN"]

1. d4 Nf6 2. Nf3 g6 3. g3 Bg7 4. Bg2 O-O 5. O-O d6 6. b3 c5 7. dxc5 Ne4 8. Nd4 Nxc5 9. Bb2 Qb6 10. Na3 Na4 11. Nc4 Qc5 12. bxa4 Qxc4 13. c3 Nd7 14. Qb3 Qc7 15. Rab1 Nc5 16. Qc4 Bd7 17. Ba3 Rab8 18. Nb5 Qa5 19. Bxc5 dxc5 20. Rfd1 Bf5 21. Be4 Bxe4 22. Qxe4 a6 23. Na3 Qxc3 24. Rd3 Qa5 25. Rdb3 Bf6 26. e3 Rfd8 27. Rxb7 Rxb7 28. Rxb7 Qe1+ 29. Kg2 Rd1 30. Qc4 Qh1+ 31. Kh3 Qxb7 0-1

[Event "Scarborough CC Jack Frost"]
[Site "Toronto CAN"]
[Date "2009.01.15"]
[Round "2"]
[White "Rutherdale, William"]
[Black "Wilker, Marcus"]
[Result "1-0"]
[WhiteElo "1752"]
[BlackElo "1870"]
[PlyCount "93"]
[GameId "2160767910273442"]
[EventDate "2009.01.08"]
[EventType "swiss"]
[EventRounds "7"]
[EventCountry "CAN"]
[SourceTitle "EXT 2011"]
[Source "ChessBase"]
[SourceDate "2011.11.26"]
[SourceVersion "1"]
[SourceVersionDate "2011.11.26"]
[SourceQuality "1"]

1. d4 Nf6 2. c4 e6 3. Nc3 Bb4 4. Qc2 O-O 5. Nf3 d5 6. e3 b6 7. Bd2 Bb7 8. cxd5 Bxc3 9. Bxc3 Qxd5 10. Bd3 Ne4 11. Bxe4 Qxe4 12. Qxe4 Bxe4 13. Ke2 Na6 14. Rac1 Rfd8 15. Rhd1 Rd5 16. b3 Rh5 17. Bb2 Bxf3+ 18. Kxf3 Rxh2 19. d5 Nc5 20. d6 cxd6 21. Rxd6 f6 22. Ba3 Rc8 23. b4 Rh5 24. bxc5 bxc5 25. Rxe6 Kf7 26. Ra6 Rc7 27. Ra4 c4 28. Raxc4 Rf5+ 29. Ke2 Rd7 30. Rc7 Rfd5 31. Rxd7+ Rxd7 32. Rc8 Kg6 33. Bc5 Rb7 34. a3 Rb2+ 35. Kf3 Rc2 36. Rc7 Kf5 37. Bd6 Rxc7 38. Bxc7 g5 39. g4+ Kg6 40. Ke4 a6 41. Bd8 h6 42. a4 f5+ 43. gxf5+ Kf7 44. f6 Ke6 45. Kf3 h5 46. e4 Kd7 47. f7 1-0

[Event "Scarborough CC Jack Frost"]
[Site "Toronto CAN"]
[Date "2009.01.15"]
[Round "2"]
[White "Sellars, Karl"]
[Black "Wu, Kevin"]
[Result "1-0"]
[WhiteElo "2196"]
[BlackElo "1894"]
[PlyCount "52"]
[GameId "2160767910273443"]
[EventDate "2009.01.08"]
[EventType "swiss"]
[EventRounds "7"]
[EventCountry "CAN"]
[SourceTitle "EXT 2011"]
[Source "ChessBase"]
[SourceDate "2011.11.26"]
[SourceVersion "1"]
[SourceVersionDate "2011.11.26"]
[SourceQuality "1"]

1. d4 Nf6 2. c4 g6 3. g3 Bg7 4. Bg2 O-O 5. Nf3 d6 6. Nc3 Nbd7 7. O-O b6 8. Ne5 dxe5 9. Bxa8 Ba6 10. Bg2 Bxc4 11. Qa4 exd4 12. Qxc4 dxc3 13. Qxc3 Nc5 14. Qc2 Qc8 15. Bd2 Rd8 16. Rac1 Qa6 17. Bc3 Ne6 18. b3 c5 19. e3 Nc7 20. Rfd1 Rc8 21. Rd2 Nb5 22. Bf1 c4 23. Bxc4 Rxc4 24. Rd8+ Bf8 25. bxc4 Nc7 26. Bxf6 exf6 1-0